000 00551cam a2200181 4500500
005 20260405001451.0
041 _afre
042 _adc
100 1 0 _aPortevin, Catherine
_eauthor
245 0 0 _aLa fin de la modernité juive
260 _c2013.
500 _a54
690 _aEnzo Traverso
690 _aJudaïsme
690 _aNéoconservatisme
786 0 _nPhilosophie magazine | 67 | 3 | 2013-03-01 | p. 64-67 | 1951-1787
856 4 1 _uhttps://shs.cairn.info/magazine-philosophie-magazine-2013-3-page-64?lang=fr&redirect-ssocas=7080
999 _c2047963
_d2047963